Quick math quiz only a short quiz 9 - Statistics

General Stats
  • This quiz has been taken 38 times
  • The average score is 12 of 15
Answer Stats
Hint Answer % Correct
1 x 6 = 6
100%
2 x 6 = 12
87%
15 x 6 = 90
87%
3 x 6 = 18
83%
4 x 6 = 24
83%
5 x 6 = 30
83%
10 x 6 = 60
83%
11 x 6 = 66
83%
12 x 6 = 72
83%
13 x 6 = 78
83%
14 x 6 = 84
83%
9 x 6 = 54
78%
6 x 6 = 36
74%
7 x 6 = 42
74%
8 x 6 = 48
74%
No matching quizzes found
Score Distribution
Percent of People with Each Score
Percentile by Number Answered
Your Score History
You have not taken this quiz